It looks like you're offline.
Open Library logo
additional options menu

MARC Record from Library of Congress

Record ID marc_loc_2016/BooksAll.2016.part10.utf8:19808718:860
Source Library of Congress
Download Link /show-records/marc_loc_2016/BooksAll.2016.part10.utf8:19808718:860?format=raw

LEADER: 00860cam a2200253 i 4500
001 76360342
003 DLC
005 20060505180441.0
008 760505s1974 enka bc 000 0 eng
010 $a 76360342
015 $aGB***
040 $aDLC$cDLC$dDLC
050 00 $aNE2347.6.M66$bM57
082 00 $a769/.92/4
100 1 $aMoore, Henry,$d1898-1986.
245 00 $aHenry Moore :$bgraphic work, 1972-1974 : [catalogue] November-December, 1974 /$c[text compiled by David Mitchinson].
260 $aLondon :$bFischer Fine Art Ltd.,$c1974.
300 $a32 p. :$bill. (some col.) ;$c26 cm.
500 $a"Fischer 1974 No 25."
500 $aCatalogue of an exhibition held at Fischer Fine Art Limited.
504 $aIncludes bibliographical references.
600 10 $aMoore, Henry,$d1898-1986.
700 1 $aMitchinson, David.
710 2 $aFischer Fine Art Limited.